| 000 | 01060nam a22003257a 4500 | ||
|---|---|---|---|
| 003 | CHAP | ||
| 005 | 20220329141143.0 | ||
| 008 | 971010c19851977 r 00010 d | ||
| 010 | _a63513 | ||
| 011 | _a64485 | ||
| 035 | _a69840 | ||
| 040 | _cCHAP | ||
| 082 |
_a370.9 _bR6 |
||
| 100 | 0 | 0 |
_aRobles, Martha. _998135 |
| 245 | _aEducación y sociedad en la historia de México | ||
| 260 |
_aMéxico, D. F. : _bSiglo XXI, _c1985 [c.1977] |
||
| 300 | _a262 p. | ||
| 490 | _aEducación | ||
| 590 |
_aBATCH-UPD _b10 _c20130110 _lUCH01 _h0726 |
||
| 590 |
_aBATCH-UPD _b10 _c20130410 _lUCH01 _h0410 |
||
| 590 |
_aBATCH-UPD _b10 _c20130914 _lUCH01 _h1237 |
||
| 590 |
_aCONVERSION _b10 _c20130109 _lUCH01 _h1334 |
||
| 650 | 1 | 4 |
_aEducación _xHistoria _zMéxico. _935454 |
| 830 |
_aEducación _935410 |
||
| 901 | _aBK | ||
| 942 | _cLIBRO | ||
| 949 |
_a370.9 R6 _bBC _cLIBRO _d33724000378493 _eLIBRO _fc.3 _h67235 _i69840 _si |
||
| 949 |
_a370.9 R6 _bBC _cLIBRO _d33724000378568 _eLIBRO _fc.2 _h67234 _i69840 _si |
||
| 949 |
_a370.9 R6 _bBC _cLIBRO _d33724000718284 _eLIBRO _h67233 _i69840 _si |
||
| 999 |
_c63513 _d63513 |
||